| 000 | 01603cam a22004574i 4500 | ||
|---|---|---|---|
| 003 | PE-LiUPU | ||
| 005 | 20250731172946.0 | ||
| 008 | 150623s1992 miu rb 000 0 eng d | ||
| 020 | _a0310416612 | ||
| 035 | _a(Sirsi) i9780310416616 | ||
| 040 |
_aPE-LiUPU _bspa _cPE-LiUPU _erda |
||
| 049 | _aPRUA | ||
| 082 | 0 | 4 |
_a230.0202 _bH78 _221 |
| 100 | 1 |
_aHouse, H. Wayne, _eautor. |
|
| 245 | 1 | 0 |
_aCharts of Christian theology and doctrine / _cH. Wayne House. |
| 264 | 1 |
_aMichigan : _bZondervan Publishing House, _c1992. |
|
| 300 |
_a145 páginas ; _c28 centímetros |
||
| 336 |
_atext _2rdacontent |
||
| 337 |
_aunmediated _2rdamedia |
||
| 338 |
_avolume _2rdacarrier |
||
| 504 | _aIncluye bibliografía. | ||
| 505 | 0 | _aProlegomena -- Bibliology -- Theology proper -- Christology -- Pneumatology -- Angelology -- Anthropology -- Soteriology -- Ecclesiology -- Eschatology. | |
| 526 | _aSEG42 | ||
| 526 | _aSEG41 | ||
| 526 | _aSEG40 | ||
| 526 | _aSEG39 | ||
| 526 | _aP94 | ||
| 526 | _aP87 | ||
| 526 | _aP86 | ||
| 526 | _aP85 | ||
| 526 | _aP77 | ||
| 526 | _aP76 | ||
| 526 | _aP35 | ||
| 650 | 0 | 4 |
_aTeología doctrinal _xEsquemas, apuntes, etc. |
| 942 |
_2ddc _cBOOK |
||
| 949 |
_a230.0202 H78 _wDEWEY _c1 _i44774 _lCCODEBUL1 _mBUL _r0 _sY _tBOOK _u2015-6-24 _xTEOLOGIA _PP35 _0COMPRA _o.STAFF. Colección General |
||
| 994 |
_aC0 _bPEPRU |
||
| 596 | _a1 | ||
| 999 |
_a230.0202 H78 _wDEWEY _c21643 _i44774 _f2021-11-9 _g6 _lCCODEBUL1 _mBUL _p14.21 _r0 _sY _tBOOK _u2015-6-24 _xTEOLOGIA _PP35 _0COMPRA _o.STAFF. Colección Teología _d21643 |
||
| 980 |
_81 _gALBERTO SANCHEZ Responsable de Automatización |
||